000 00380nam a2200157Ia 4500
003 GCL
008 140319s9999 xx 000 0 eng d
040 _aGCL /
_cGCL
082 0 4 _aCH
_b823.087
_bE E
100 1 _aENID BLYTON
245 1 0 _aTHE MAGIC FARAWAY TREE /
_cENID BLYTON
260 _a[S.N] :
_bDEAN ،
_c1990
300 _a184 P
650 0 4 _aCHILDREN
942 _2ddc
_cBK
999 _c18445
_d18445